Die Japanische stahlindustrie

Na minha lista:
Detalhes bibliográficos
Autor principal: Scheppach, Walter
Formato: Livro
Idioma:Undetermined
Publicado em: Germany Hamburg 1972
Assuntos:
Tags: Adicionar Tag
Sem tags, seja o primeiro a adicionar uma tag!
Thư viện lưu trữ: Trung tâm Học liệu Trường Đại học Cần Thơ
LEADER 00475nam a2200181Ia 4500
001 CTU_99741
008 210402s9999 xx 000 0 und d
082 |a 338.47669 
082 |b S325 
100 |a Scheppach, Walter 
245 0 |a Die Japanische stahlindustrie 
245 0 |c Walter Scheppach 
260 |a Germany 
260 |b Hamburg 
260 |c 1972 
650 |a Steel industry and trade 
904 |i Truc 
980 |a Trung tâm Học liệu Trường Đại học Cần Thơ